• 首页
  • 本馆介绍
  • 公告通知
  • 最新文献
  • 馆藏检索
  • 电子资源
  • 读者导购
  • 参考咨询
  • 我的图书馆
  • 登录
  • 详细信息显示
  • 放入我的书架
  • 预约/预借图书
  • 作者相关作品
  • 分类相关作品
  • 丛书相关作品
  • 出版社相关作品

书目信息

  • 表格格式
  • 工作单格式
  • 卡片格式
题名:
流形上的热核和分析
    
 
作者: 格里戈里安 著 ;林勇 , 倪天佳 译
分册:  
出版信息: 北京   高等教育出版社  2017.6
页数: 19,495页
开本: 24cm
丛书名: 世界数学精品译丛
单 册:
中图分类: TL64
科图分类:
主题词: 热核聚变--流形分析
电子资源:
ISBN: 978-7-04-047747-4
000 01508oam2 2200313 450
001 0400002322
005 20171020163853.0
010    @a978-7-04-047747-4@dCNY119.00
100    @a20170905d2017 em y0chiy50 ea
101 1  @achi@ceng
102    @aCN@b110000
105    @ay az 001yy
106    @ar
200 1  @a流形上的热核和分析@9liu xing shang de re he he fen xi@dHeat kernel and analysis on manifolds@f(英)Alexander Grigor'yan著@g林勇,倪天佳译@zeng
210    @a北京@c高等教育出版社@d2017.6
215    @a19,495页@d24cm
225 1  @a世界数学精品译丛@v4
314    @a亚历山大·格里戈里安 (Alexander Grigor'yan) (1957-),俄裔英国数学家,毕业于莫斯科大学数学力学系,曾任伦敦帝国理工大学教授,现任德国比勒菲尔德大学教授,是国际数学界热核研究领域的知名专家。
320    @a有书目(第457-478页)和索引(第481-495页)
330    @a本书是对黎曼流形上的热核技术的全面概述,这必然包括对Laplace-Beltrami算子和相应热方程的分析。本书的前十章包含了这一学科的基本内容,后面几章讨论了热核在各种各样情况下更高深的结果。全书从基本的黎曼几何概念出发,详尽研究了黎曼流形上的拉普拉斯算子和热方程的谱理论、马尔可夫性和光滑性,最终得到高斯热核估计。
461  0 @12001 @a世界数学精品译丛
510 1  @aHeat kernel and analysis on manifolds@zeng
606 0  @a热核聚变@x流形分析
690    @aTL64@v5
701  0 @c(英)@a格里戈里安@9ge li ge li an@c(Grigor'yan, Alexander@f1957-)@4著
702  0 @a林勇@9Lin Yong@4译
702  0 @a倪天佳@9ni tian jia@4译
801  0 @aCN@b91MARC@c20171020
905    @b1032040-4@dTL64@f5@e38
    
    流形上的热核和分析=Heat kernel and analysis on manifolds/(英)Alexander Grigor'yan著/林勇,倪天佳译.-北京:高等教育出版社,2017.6
    19,495页;24cm.-(世界数学精品译丛;4)
    
    
    ISBN 978-7-04-047747-4:CNY119.00
    本书是对黎曼流形上的热核技术的全面概述,这必然包括对Laplace-Beltrami算子和相应热方程的分析。本书的前十章包含了这一学科的基本内容,后面几章讨论了热核在各种各样情况下更高深的结果。全书从基本的黎曼几何概念出发,详尽研究了黎曼流形上的拉普拉斯算子和热方程的谱理论、马尔可夫性和光滑性,最终得到高斯热核估计。
●
相关链接 在E读中查询图书 在五车中查询图书 在当当中查询图书 在豆瓣中查询图书


正题名:流形上的热核和分析     索取号:TL64/38         预约/预借

序号 登录号 条形码 馆藏地/架位号 状态 备注
1 1032040   210320400   第二样本阅览室/ [索取号:TL64/38] 在馆    
2 1032041   210320419   密集书库-物理学院/ [索取号:TL64/38] 在馆    
3 1032042   210320428   第三借阅区/ [索取号:TL64/38] 在馆    
4 1032043   210320437   第三借阅区/ [索取号:TL64/38] 在馆    
5 1032044   210320446   第三借阅区/ [索取号:TL64/38] 在馆    
唐山师范学院图书馆 欢迎您!
大连网信软件有限公司© 版权所有